<?xml version="1.0" encoding="UTF-8"?>
<record
    xmlns:xsi="http://www.w3.org/2001/XMLSchema-instance"
    xsi:schemaLocation="http://www.loc.gov/MARC21/slim http://www.loc.gov/standards/marcxml/schema/MARC21slim.xsd"
    xmlns="http://www.loc.gov/MARC21/slim">

  <leader>01695nam a22002057a 4500</leader>
  <controlfield tag="003">OSt</controlfield>
  <controlfield tag="005">20231213105737.0</controlfield>
  <controlfield tag="008">231212s2019    ag ||||| |||| 00| p spa d</controlfield>
  <datafield tag="020" ind1=" " ind2=" ">
    <subfield code="a">9789874696274</subfield>
  </datafield>
  <datafield tag="040" ind1=" " ind2=" ">
    <subfield code="c">besoc</subfield>
  </datafield>
  <datafield tag="100" ind1="1" ind2=" ">
    <subfield code="a">Jordan, June,</subfield>
    <subfield code="d">(1936-2002),</subfield>
    <subfield code="e">autor</subfield>
  </datafield>
  <datafield tag="245" ind1="1" ind2="0">
    <subfield code="a">Cosas que hago en la oscuridad :</subfield>
    <subfield code="b">31 poemas sobre lo personal y lo pol&#xED;tico /</subfield>
    <subfield code="c">June Jordan ; Selecci&#xF3;n, traducci&#xF3;n y pr&#xF3;logo Flor Codagnone</subfield>
  </datafield>
  <datafield tag="250" ind1=" " ind2=" ">
    <subfield code="a">Edici&#xF3;n biling&#xFC;e</subfield>
  </datafield>
  <datafield tag="260" ind1=" " ind2=" ">
    <subfield code="a">Buenos Aires :</subfield>
    <subfield code="b">BajoLaLuna,</subfield>
    <subfield code="c">2019</subfield>
  </datafield>
  <datafield tag="300" ind1=" " ind2=" ">
    <subfield code="a">123 p.</subfield>
  </datafield>
  <datafield tag="520" ind1=" " ind2=" ">
    <subfield code="a">June Jordan cultiv&#xF3;, durante su vida prol&#xED;fica y apasionada, una personalidad de esas dif&#xED;ciles de encasillar. Fue profesora universitaria, activista por los derechos civiles, promotora cultural, periodista pol&#xED;tica, escritora de libros infantiles y ensayista, entre otros varios intereses que se condensaron y se hicieron eco en su producci&#xF3;n literaria, especialmente en su poes&#xED;a. Sus poemas fueron un instrumento para fortalecer la solidaridad y un veh&#xED;culo para explorar las huella que atravesaron su cuerpo y su identidad; su vida estuvo marcada a fuego por el hecho de ser mujer, negra y bisexual en una sociedad que, impulsada por los numerosos movimientos sociales que pugnaban por la ampliaci&#xF3;n de derechos, fue derrumbando de a poco algunos prejuicios.
Cosas que hago en la oscuridad es el t&#xED;tulo del primer libro de poemas de Jordan y es tambi&#xE9;n el de esta antolog&#xED;a, la primera de su obra en castellano, que presenta una muestra concentrada de la diversidad de t&#xF3;picos de su poes&#xED;a. [Nota del editor]</subfield>
  </datafield>
  <datafield tag="650" ind1=" " ind2="4">
    <subfield code="a">Literatura norteamericana</subfield>
    <subfield code="v">Poes&#xED;a</subfield>
    <subfield code="x">Siglo XX</subfield>
  </datafield>
  <datafield tag="700" ind1="1" ind2=" ">
    <subfield code="a">Codagnone, Flor </subfield>
    <subfield code="e">traductor</subfield>
  </datafield>
  <datafield tag="942" ind1=" " ind2=" ">
    <subfield code="2">udc</subfield>
    <subfield code="c">OG</subfield>
    <subfield code="n">0</subfield>
  </datafield>
  <datafield tag="999" ind1=" " ind2=" ">
    <subfield code="c">159</subfield>
    <subfield code="d">159</subfield>
  </datafield>
  <datafield tag="952" ind1=" " ind2=" ">
    <subfield code="0">0</subfield>
    <subfield code="1">0</subfield>
    <subfield code="2">udc</subfield>
    <subfield code="4">0</subfield>
    <subfield code="7">0</subfield>
    <subfield code="8">CG</subfield>
    <subfield code="a">ESOCIALES</subfield>
    <subfield code="b">ESOCIALES</subfield>
    <subfield code="d">2023-12-13</subfield>
    <subfield code="l">2</subfield>
    <subfield code="o">82-1(73) J82</subfield>
    <subfield code="p">000938</subfield>
    <subfield code="r">2026-05-07 15:08:58</subfield>
    <subfield code="s">2026-04-23</subfield>
    <subfield code="t">1</subfield>
    <subfield code="w">2023-12-13</subfield>
    <subfield code="y">OG</subfield>
  </datafield>
  <datafield tag="952" ind1=" " ind2=" ">
    <subfield code="0">0</subfield>
    <subfield code="1">0</subfield>
    <subfield code="2">udc</subfield>
    <subfield code="4">0</subfield>
    <subfield code="7">0</subfield>
    <subfield code="8">CG</subfield>
    <subfield code="a">ESOCIALES</subfield>
    <subfield code="b">ESOCIALES</subfield>
    <subfield code="d">2023-12-13</subfield>
    <subfield code="l">0</subfield>
    <subfield code="o">82-1(73) J82</subfield>
    <subfield code="p">000939</subfield>
    <subfield code="r">2023-12-13 00:00:00</subfield>
    <subfield code="t">2</subfield>
    <subfield code="w">2023-12-13</subfield>
    <subfield code="y">OG</subfield>
  </datafield>
</record>
